X探险特工队万兽之王系列 : 王者之战 虎王VS狮王 / 陈绍霖 著

内容简介 大森返乡探亲,竟然就此失去了音讯! 著急的大勇等人不惜违抗达尔文博士的命令,擅自到美国的黄石国家公园追查大森的下落,但却遇到一群黑猩猩,还被疯狂地袭击!所幸最后得到大猩猩的协助,才逃过一劫.此时,黑市猎人再度出现,并利用美洲黑熊捉走了大猩猩!大勇等人一路追踪下去,结果发现了一座巨大的神秘建筑物…...

詳細記述

保存先:
書誌詳細
第一著者: 陈绍霖 著
その他の著者: 黑墨工作房 漫画
フォーマット: 図書
出版事項: 马来西亚 : Gempak Starz , 2012.10
版:第1版
シリーズ:X探险特工队万兽之王系列: V.1
主題:
タグ: タグ追加
タグなし, このレコードへの初めてのタグを付けませんか!
LEADER 01380nam a22002297a 4500
952 |0 0  |1 0  |2 ddc  |4 0  |6 J_741_595100000000000_7521_V_1  |7 0  |8 JUNIOR  |8 JNFIC  |8 DONATED  |9 65241  |a SMLIBRARY  |b SMLIBRARY  |c JUNIOR  |d 2020-01-16  |g 9.00  |l 3  |m 2  |o J 741.5951 7521 V.1  |p BK10065345B  |r 2020-05-04 00:00:00  |s 2020-03-17  |t 1  |v 9.00  |w 2020-01-16  |y JRBOOK 
999 |c 54485  |d 54485 
020 |a 9789673851317 (平装) 
040 |b CHI 
082 |a J 741.5951 7521 V.1 
100 |a 陈绍霖 著 
242 |a X探險特工隊萬獸之王系列:王者之戰 虎王VS獅王 
245 |a X探险特工队万兽之王系列 : 王者之战 虎王VS狮王 / 陈绍霖 著 
250 |a 第1版 
260 |a 马来西亚 :  |b Gempak Starz ,  |c 2012.10 
300 |a 160页 :  |b 彩色印刷 ;  |c 20 x 14 cm 
490 |a X探险特工队万兽之王系列:  |v V.1 
520 |a 内容简介 大森返乡探亲,竟然就此失去了音讯! 著急的大勇等人不惜违抗达尔文博士的命令,擅自到美国的黄石国家公园追查大森的下落,但却遇到一群黑猩猩,还被疯狂地袭击!所幸最后得到大猩猩的协助,才逃过一劫.此时,黑市猎人再度出现,并利用美洲黑熊捉走了大猩猩!大勇等人一路追踪下去,结果发现了一座巨大的神秘建筑物… 
650 |a 少年读物 
650 |a 漫画 
700 |a 黑墨工作房 漫画 
942 |2 ddc  |c JRBOOK